|
|
|
|
| LEADER |
01498nam a2200433 a 4500 |
| 001 |
EBC416019 |
| 003 |
MiAaPQ |
| 005 |
20200520144314.0 |
| 006 |
m o d | |
| 007 |
cr cn||||||||| |
| 008 |
071226s2007 enka sb 001 0 eng |
| 010 |
|
|
|z 2007282770
|
| 015 |
|
|
|a GBA696003
|2 bnb
|
| 016 |
7 |
|
|z 013601547
|2 Uk
|
| 020 |
|
|
|z 9780199251414 (hbk.)
|
| 020 |
|
|
|z 019925141X (hbk.)
|
| 035 |
|
|
|a (MiAaPQ)EBC416019
|
| 035 |
|
|
|a (Au-PeEL)EBL416019
|
| 035 |
|
|
|a (CaPaEBR)ebr10271488
|
| 035 |
|
|
|a (CaONFJC)MIL114547
|
| 035 |
|
|
|a (OCoLC)476246543
|
| 040 |
|
|
|a MiAaPQ
|c MiAaPQ
|d MiAaPQ
|
| 050 |
|
4 |
|a HB3722
|b .A357 2007
|
| 082 |
0 |
4 |
|a 338.542
|2 22
|
| 084 |
|
|
|a 83.44
|2 bcl
|
| 100 |
1 |
|
|a Allen, Franklin,
|d 1956-
|
| 245 |
1 |
0 |
|a Understanding financial crises
|h [electronic resource] /
|c Franklin Allen, Douglas Gale.
|
| 260 |
|
|
|a Oxford :
|b Oxford University Press,
|c 2007.
|
| 300 |
|
|
|a x, 303 p. :
|b ill.
|
| 490 |
1 |
|
|a Clarendon lectures in finance
|
| 504 |
|
|
|a Includes bibliographical references and index.
|
| 533 |
|
|
|a Electronic reproduction. Ann Arbor, MI : ProQuest, 2015. Available via World Wide Web. Access may be limited to ProQuest affiliated libraries.
|
| 650 |
|
0 |
|a Financial crises.
|
| 650 |
1 |
7 |
|a Financiele crises.
|2 gtt
|
| 655 |
|
4 |
|a Electronic books.
|
| 700 |
1 |
|
|a Gale, Douglas.
|
| 710 |
2 |
|
|a ProQuest (Firm)
|
| 830 |
|
0 |
|a Clarendon lectures in finance.
|
| 856 |
4 |
0 |
|u https://ebookcentral.proquest.com/lib/matrademy/detail.action?docID=416019
|z Click to View
|